Gta 5 and online all gangs - Statistics

General Stats
  • This quiz has been taken 198 times
  • The average score is 4 of 18
Answer Stats
Hint Answer % Correct
Rival of the Families Ballas
93%
Mexican gang Vagos
75%
Franklin's gang Families
70%
Johnny Klebitz is their leader Lost MC
56%
El Salvador gang Marabunta Grande
23%
Rednecks O'Neil Brothers
19%
Old guy cult Altruist Cult
15%
People from Armenia Armenian Mob
15%
Cartel of Madrazo Madrazo Cartel
15%
Korean Mob Kkangpae
13%
Rival of Trevor Varrios Los Aztecas
13%
Religious Cult Epsilon Program
9%
Mr. Cheng is their leader Los Santos Triads
9%
The private militia Merryweather Security
9%
Clones Cliffford Mercenaries
5%
Texas gang Duggan Crime Family
4%
Wade is part of it Juggalos
4%
Cayo Perico Security El Rubio's Private Security
3%
No matching quizzes found
Score Distribution
Percent of People with Each Score
Percentile by Number Answered
Your Score History
You have not taken this quiz